000 00560nam a22001817a 4500
003 CEME
005 20210628203145.0
008 210203b xxu||||| |||| 00| 0 eng d
020 _a9780470116357
040 _c.
082 _a658.8342 IMB
100 _aImbriale, Robert
_963673
245 _aMotivational marketing , how to effectively motivate your prospects to buy now, buy more, and tell their friends tool
260 _aUSA
_bJOHN WILEY & SONS
_c2007
300 _aXXV, 198P
650 _a1- MARKETING PSYCHOLOGICAL ASPECTS
_963674
942 _cBK
_2ddc
999 _c572420
_d572420